000 00820nam a22002177a 4500
001 38426
003 BD-RjUL
005 20211209052808.0
008 151130s2003 bg ||||| |||| 00| 0 ben d
035 _a(BD-RjUL)38531
040 _aBD-RjUL
_bben
_cBD-RjUL
041 _aben
082 _a891.444
_bIQK 2003
100 _aইকবাল, শহীদ
_9117018
245 _aকালান্তরের উক্তি ও উপলব্ধি /
_cশহীদ ইকবাল.
260 _aঢাকা :
_bফয়জুল এণ্ড সন্স, রাজশাহী বিশ্ববিদ্যালয়,
_c২০০৩.
300 _a১২৯ পৃ. ;
_c২২ সেমি.
650 _aবাংলা প্রবন্ধ
_9118695
650 _aBengali essays
_9118696
942 _2ddc
_cBK
_03
999 _c38426
_d38426